How Many Chapters are in Each Book of The Book of Mormon - Statistics

General Stats
  • This quiz has been taken 153 times
  • The average score is 13 of 15
Answer Stats
Hint Answer % Correct
Omni 1
97%
Enos 1
96%
Jarom 1
96%
Words of Mormon 1
96%
1 Nephi 22
92%
2 Nephi 33
90%
Jacob 7
90%
Mosiah 29
88%
Alma 63
88%
4 Nephi 1
86%
Moroni 10
86%
Helaman 16
85%
Mormon 9
83%
3 Nephi 30
82%
Ether 15
81%
No matching quizzes found
Score Distribution
Percent of People with Each Score
Percentile by Number Answered
Your Score History
You have not taken this quiz